000 00737nam a2200265Ia 4500
003 OSt
005 20221005062454.0
006 a|||||r|||| 00| 0
007 ta
008 221004b |||||||| |||| 00| 0 eng d
024 _a29838
037 _cTextual
040 _aCRL
_cCRL
_beng
041 _2eng
_aeng
082 _aL:5:f, N2
100 _aCrabtree Benjamin F Ed.
_991887
245 0 _aDoing qualitative research
260 _aLondon
_bSage
_c1992
300 _a276p
_ccm.
490 _a(Research methods for primary care,3)
650 _aMEDICINE
700 _a Miller William L Ed.
_920773
942 _hL:5:f, N2
_cTEXL
_2cc
999 _c969776
_d969776